Normal view
MARC view
- تأليف جبرا،جبرا إبراهيم
Entry Personal Name
001 - CONTROL NUMBER
- control field: 7019
003 - CONTROL NUMBER IDENTIFIER
- control field: JO-AjAnu
005 - DATE AND TIME OF LATEST TRANSACTION
- control field: 20230606071433.0
008 - FIXED-LENGTH DATA ELEMENTS
- fixed length control field: 230606|| aca||aabn | a|a d
040 ## - CATALOGING SOURCE
- Original cataloging agency: JO-AjAnu
- Transcribing agency: JO-AjAnu
100 ## - HEADING--PERSONAL NAME
- Personal name: تأليف جبرا،جبرا إبراهيم
670 ## - SOURCE DATA FOUND
- Source citation: Work cat.: (JO-AjAnu)3635: تأليف جبرا،جبرا إبراهيم, author, أيام العقاب: سيناريو روائي